000 00903nam a2200205Ia 4500
003 OSt
005 20240318123736.0
008 210210b2012 xxu||||| |||| 00| 0 eng d
020 _a9789381055373
040 _cAL
041 _aKannada
082 _aK894.8 SHAS
100 _aSHANKARA MOKASHI PUNEKARA
_dಶಂಕರ ಮೊಕಾಶಿ ಪುಣೇಕರ
_9155152
245 _aShankara mokashi punekarara samasta sahitya-4: Kadambari trivali (Natanarayani, gangavva gangamayi, avadheshvari)
_bಶಂಕರ ಮೊಕಾಶಿ ಪುಣೇಕರರ ಸಮಸ್ತ ಸಾಹಿತ್ಯ ೪ : ಕಾದಂಬರಿ ತ್ರಿವಳಿ (ನಟನಾರಾಯಣಿ, ಗಂಗವ್ವ ಗಂಗಾಮಯಿ, ಅವಧೇಶ್ವರಿ)
260 _aBengaLUru
_bAbhinava Prakashana
_c2012
300 _ax,635
690 _aKannada Collections
_9155153
906 _a067325
942 _2ddc
_cBK
999 _c149695
_d149695